Evaluation of the external surface area of carbon black by nitrogen adsorption (Record no. 59021)

MARC details
000 -LEADER
fixed length control field 00391nam a2200133Ia 4500
100 ## - MAIN ENTRY--AUTHOR NAME
Personal name Magee R W
245 #0 - TITLE STATEMENT
Title Evaluation of the external surface area of carbon black by nitrogen adsorption
260 ## - PUBLICATION, DISTRIBUTION, ETC. (IMPRINT)
Name of publisher Rubber Chemistry and Technology
Year of publication 1995
300 ## - PHYSICAL DESCRIPTION
Number of Pages 590-600
650 ## - SUBJECT ADDED ENTRY--TOPICAL TERM
Topical Term Carbon black
650 ## - SUBJECT ADDED ENTRY--TOPICAL TERM
Topical Term Nitrogen adsorption
942 ## - ADDED ENTRY ELEMENTS (KOHA)
Koha item type Journals
Holdings
Withdrawn status Lost status Damaged status Not for loan Home library Current library Shelving location Date acquired Serial Enumeration / chronology Koha item type
      Journals RRII Library RRII Library Rubber chemistry 17/12/2021 Volume 68, Issue 4 Journals